| 000 | 01437nam0a22003971 4500 | ||
|---|---|---|---|
| 001 | v19\rc\2069537 | ||
| 005 | 20251118181633.6 | ||
| 035 | _a(NLR Aleph) 005144889 | ||
| 090 |
_a4841453 _c4841453 |
||
| 100 | _a20081111d1911 u y0rusy50 ca | ||
| 101 | 1 |
_arus _cfre |
|
| 102 | _aRU | ||
| 105 | _aa z ||||| | ||
| 200 | 1 |
_aРазвитие интеллекта у детей _fА. Бине и Т. Симон (A. Binet et Th. Simon) _gПер. д-ра С.И. Зандер _gС предисл. прив. -доц. Моск. ун-та А.Н. Бернштейна |
|
| 210 |
_aМосква _cВ.М. Саблин _d1911 |
||
| 215 |
_a[6], 162 с. _cил. _d20 |
||
| 532 | 1 | 3 | _aРазвитие интеллекта у детей |
| 700 | 1 |
_aБине _bА. _f1857-1911 _gАльфред |
|
| 701 | 1 |
_aСимон _bТ. _f1873- _gТеофил |
|
| 702 | 1 |
_aБернштейн _bА.Н. _f1870-1922 _gАлександр Николаевич _4080 |
|
| 702 | 1 |
_aЗандер _bС.И. _f1879- _gСергей Иванович _4730 |
|
| 801 | 0 |
_aRU _bNLR _gpsbo |
|
| 801 | 0 |
_aRU _bRuMoRGB _2psbo |
|
| 801 | 1 |
_aRU _bProSoft-M _2rusmarc |
|
| 852 |
_aNLR _j38.17.7.34 |
||
| 852 |
_aNLR _j129/4246 |
||
| 899 |
_aRuMoRGB _jU 77/295 |
||
| 899 |
_aRuMoRGB _jM 27/131 |
||
| 899 |
_aRuMoRGB _jH 1/346 |
||
| 899 |
_aRuMoRGB _jРб 33/1167 |
||
| 899 | _aНБ СПбГУ | ||
| 899 | _aГПИБ | ||
| 899 | _aНБ МГУ | ||
| 942 | _cBOOK | ||
| 980 | _aNB | ||